000 02623nam a2200301 a 4500
001 BRCA_2741
005 20190320203940.0
008 041208s1898----enk#---###---#000-0#spa-u
041 _aspa
044 _aenk
084 _a236
_b.C667
_c1898
100 1 _aCervantes Saavedra, Miguel de
_d1547-1616
_9213
245 1 0 _aEl Ingenioso Hidalgo Don Quixote de la Mancha
_ccompuesto por Miguel de Cervantes Saavedra.
260 _aEdimburgo : Londres
_bConstable
_c1898
300 _a2 v.
_c29 cm.
500 _aContenido : v 1. Primera parte. Dedicatoria al Sr. Hernesto Henley. Introducción por Fitzmaurice Kelly y J. Ormsby. Tabla de la relación entre las principales ediciones de la primera parte de D. Quijote. Dedicatoria del autor. Prólogo del autor. Versos preliminares. Texto. -- v 2. Segunda parte. Dedicatoria del autor. Prólogo del autor. Texto
500 _aValiosa edición publicada y comentada por los notables cervantistas ingleses, J. Fritzmaurice-Kelly y J. Ormsby. Es una de las primeras impresiones del texto restituido por dichos hispanistas quienes, además de tomar por base el texto de la edición príncipe, cotejaron las siguientes: segunda y tercera de Cuesta (1605 y 1608), Valencia de 1605, Bruselas de 1607, Madrid de 1637, 1647, 1652 y 1668, a diferencia de la casi totalidad de las ediciones anteriores, incluso las de la Academia, que habían tomado por modelo la segunda de Cuesta confundiéndola con la primera. Sostenían, además, con argumentos de peso, que Cervantes no corrigió la tercera edición de Cuesta (1608), como se pensaba generalmante. Pero, tuvieron el desatino de suprimir el episodio del robo del rucio. De todos modos, esta edición es de notable valor literario. La elogiaron: J. Valera, M. Menéndez y Pelayo, Fouché-Del-bosc quien afirmaba que los dos ingleses han restituido verdaderamente el texto de Don Quijote y que ninguna reimpresión podrá, en lo adelante, prescindir de la de los Sres. Fitzmaurice-Kelly y Ormsby. En la parte tipográfica campea el buen gusto: papel superior, grandes márgenes, tipos finos y claros. Tela Lúdovik Osterc
500 _aIncluye índice : De materias
650 1 4 _aNovela española
_yÉpoca clásica, 1500-1700
_9215
650 1 4 _aLiteratura española
_yÉpoca clásica, 1500-1700
_9216
650 1 4 _aNovela española
_ySiglo XVII
_9217
650 1 4 _aDon Quijote (Personaje ficticio)
_eNovela
_9218
700 1 _aFitzmaurice-Kelly, James
_d1858-1923
_eAnotador
_97722
700 1 _aOrmsby, John
_d1829-1895
_eAnotador
_97723
740 0 _aEl Ingenioso Hidalgo Don Quijote de la Mancha
902 _aQFM
942 _2lcc
_cB
999 _c2481
_d2481